000 01409nam a2200241Ia 4500
999 _c44360
_d44360
001 11122
003 GE_BSU
005 20230608102314.0
008 181216s1991ge xx |||||||||||||| ||geo||
040 _cGE_BSU
041 _ageo
080 _a58(038) მ-12
100 _aმაყაშვილი,ა.
_918557
245 _aბოტანიკური ლექსიკონი.მცენარეთა სახელწოდებანი=Ботанический словарь.Названия Растений. /
_cა. მაყაშვილი, წინასიტყვაობა დაურთო გ.ნახუცრიშვილმა.
250 _aმე-3 გამოც.
264 _aთბილისი:
_bმეცნიერება,
_c1991.
300 _a246 გვ.:
_b21 სმ.
501 _aსაძიებლები:ჭანური,მეგრული,სვანური,რუსული,ლათინური.გვ.102-103.
653 _aბოტანიკური ლექსიკონი.მცენარეთა სახელწოდებანი=Ботанический словарь.Названия Растений.
653 _aბოტანიკა
700 _aნახუცრიშვილი, გ
_eწინასიტყვაობის ავტორი
_91485
942 _cBK
_2udc